Zákon o sociálnej ekonomike a sociálnych podnikoch
Úplné znenie zákona č. 112/2018 Z. z. o sociálnej ekonomike a sociálnych podnikoch a o zmene a doplnení niektorých zákonov aj s odborným komentárom. Z obsahu zákona: priznanie štatútu registrovaného sociálneho podniku, druhy registrovaných sociálnych podnikov, niektoré povinnosti registrovaných soci...
Na minha lista:
| Autor principal: | |
|---|---|
| Formato: | Capítulo de Livro |
| Idioma: | eslovaco |
| Assuntos: | |
| Tags: |
Sem tags, seja o primeiro a adicionar uma tag!
|
MARC
| LEADER | 00000naa a2200000 4500 | ||
|---|---|---|---|
| 001 | 0243816 | ||
| 005 | 20230117072153.6 | ||
| 041 | 0 | |a slo | |
| 044 | |a SK | ||
| 245 | 1 | 0 | |a Zákon o sociálnej ekonomike a sociálnych podnikoch |c Mariana Matulková |
| 520 | |a Úplné znenie zákona č. 112/2018 Z. z. o sociálnej ekonomike a sociálnych podnikoch a o zmene a doplnení niektorých zákonov aj s odborným komentárom. Z obsahu zákona: priznanie štatútu registrovaného sociálneho podniku, druhy registrovaných sociálnych podnikov, niektoré povinnosti registrovaných sociálnych podnikov. Podpora podnikov v širšom priestore sociálnej ekonomiky. Výkon štátnej správy v oblasti sociálnej ekonomiky. | ||
| 610 | 2 | 0 | |a zákony |
| 610 | 2 | 0 | |a legislatíva |
| 610 | 2 | 0 | |a podnik sociálny |
| 610 | 2 | 0 | |a ekonomika sociálna |
| 610 | 2 | 0 | |a registrácia |
| 610 | 2 | 0 | |a správa štátna |
| 610 | 2 | 0 | |a podpora štátna |
| 610 | 2 | 0 | |a pomoc štátna |
| 100 | 1 | |a Matulková, Mariana | |